Movie by Scenery II Quiz Stats

Quiz Updated May 26, 2016

Also try: Movies by Scenery
Challenge
Share
Tweet
Score 0/25 Timer 08:00
6 Plays Today
% Correct
The Sound of Music
95.6%
Star Wars: Episode IV - A New Hope
91.7%
Twister
84.7%
Tarzan
84.1%
Planet of the Apes
70.8%
E.T. the Extra-Terrestrial
68.1%
The Lord of the Rings: The Fellowship of the Ring
59.5%
The Princess Bride
59.1%
Harry Potter and the Chamber of Secrets
59%
Interstellar
57.8%
Dances with Wolves
52.1%
Elf
39.7%
Cliffhanger
31.9%
% Correct
Apocalypse Now
31.7%
Deliverance
30.4%
Independence Day
29.6%
The Good, the Bad and the Ugly
28.5%
No Country for Old Men
28.4%
Oblivion
24.6%
Blade Runner
24.2%
Batman Begins
21.2%
Django Unchained
20%
Cape Fear
17.4%
The Grey
10.7%
The Lovely Bones
4.4%

You're not logged in!

Compare scores with friends on all Sporcle quizzes.
Sign Up with Email
OR
Log In

You Might Also Like...

Show Comments

Extras

Top Quizzes Today


Score Distribution

Your Account Isn't Verified!

In order to create a playlist on Sporcle, you need to verify the email address you used during registration. Go to your Sporcle Settings to finish the process.